Ciudadanos del mundo, íuníos contra los miedos, mientras seáis felices! /

Αποθηκεύτηκε σε:
Λεπτομέρειες βιβλιογραφικής εγγραφής
Κύριος συγγραφέας: Vizcaíno G., Milcíades
Μορφή: Κείμενο
Ετικέτες: Προσθήκη ετικέτας
Δεν υπάρχουν, Καταχωρήστε ετικέτα πρώτοι!

MARC

LEADER 00000 a a2200000 04500
001 47356
003
040
100 |a Vizcaíno G., Milcíades  
245 |a Ciudadanos del mundo, íuníos contra los miedos, mientras seáis felices! /  |c Milcíades Vizcaíno G.  
773 |a volumen22, número4, (2013), páginas 609-629 : tablas  
999 |c 29109  |d 29109